ARRUPE JESUIT UNIVERSITY

CORONAVIRUS -STOP THE SPREAD - CLEAN,DISINFECT,COVER

Six men / (Record no. 118779)

MARC details
000 -LEADER
fixed length control field 01067cam a2200265 i 4500
001 - CONTROL NUMBER
control field 360394
003 - CONTROL NUMBER IDENTIFIER
control field ARRUPE
005 - DATE AND TIME OF LATEST TRANSACTION
control field 20131127132443.0
008 - FIXED-LENGTH DATA ELEMENTS--GENERAL INFORMATION
fixed length control field 770701s1977 nyuc 000 0ceng
010 ## - LIBRARY OF CONGRESS CONTROL NUMBER
LC control number 77074978
020 ## - INTERNATIONAL STANDARD BOOK NUMBER
International Standard Book Number 0394484347 :
Terms of availability $8.95.
Cancelled/invalid ISBN 0394423526
040 ## - CATALOGING SOURCE
Original cataloging agency DLC
Transcribing agency DLC
Modifying agency DLC
050 00 - LIBRARY OF CONGRESS CALL NUMBER
Classification number CT120
Item number .C67 1977
300 ## - PHYSICAL DESCRIPTION
Other physical details ports. ;
Dimensions 25 cm.
100 1# - MAIN ENTRY--PERSONAL NAME
Personal name Cooke, Alistair,
Dates associated with a name 1908-2004.
9 (RLIN) 4207
245 10 - TITLE STATEMENT
Title Six men /
Statement of responsibility, etc by Alistair Cooke.
250 ## - EDITION STATEMENT
Edition statement 1st ed.
260 ## - PUBLICATION, DISTRIBUTION, ETC. (IMPRINT)
Place of publication, distribution, etc New York :
Name of publisher, distributor, etc Knopf,
Date of publication, distribution, etc 1977.
300 ## - PHYSICAL DESCRIPTION
Extent 205 p. :
505 0# - FORMATTED CONTENTS NOTE
Formatted contents note A note on fame and friendship.--Charles Chaplin: the one and only.--Edward VIII: the golden boy.--H. L. Mencken: The public and the private face.--Adlai Stevenson: The failed saint.--Bertrand Russell: the lord of reason.--Humphrey Bogart: epitaph for a tough guy.
600 10 - SUBJECT ADDED ENTRY--PERSONAL NAME
Personal name Cooke, Alistair,
Dates associated with a name 1908-2004.
9 (RLIN) 4208
650 #0 - SUBJECT ADDED ENTRY--TOPICAL TERM
Topical term or geographic name as entry element Biography
Chronological subdivision 20th century.
9 (RLIN) 4209
710 2# - ADDED ENTRY--CORPORATE NAME
Corporate name or jurisdiction name as entry element Rouben Mamoulian Collection (Library of Congress)
Institution to which field applies DLC
9 (RLIN) 4210
906 ## - LOCAL DATA ELEMENT F, LDF (RLIN)
a 7
b cbc
c orignew
d 1
e opcn
f 19
g y-gencatlg
942 ## - ADDED ENTRY ELEMENTS (KOHA)
Source of classification or shelving scheme Library of Congress Classification
Koha item type Monograph ( Printed materials)
Holdings
Withdrawn status Lost status Source of classification or shelving scheme Damaged status Not for loan Home library Current library Shelving location Date acquired Total Checkouts Full call number Barcode Date last seen Price effective from Koha item type
    Library of Congress Classification     ARRUPE LIBRARY ARRUPE LIBRARY Main Collection 27/11/2013   CT120 .C67 1977 46500001706 28/03/2017 27/11/2013 Monograph ( Printed materials)

 

Arrupe Library. PO Box MP320 Mt Pleasant, Harare, Zimbabwe
263 242 745411|librarian@aju.ac.zw